Capitales des régions du Danemark - Quiz - Statistiques

Statistiques générales
  • Ce quiz a été pris 30 fois
  • Le résultat moyen est 2 sur 5
Réponses sur la Carte
Les réponses sont colorées sur une échelle allant du rouge au vert en fonction du pourcentage des utilisateurs qui les ont devinées à leur premier essai. Vous pouvez retrouver ces pourcentages ci-dessous.
 
Statistiques - réponses
Région Capitale % Correct
Jutland du Nord Aalborg
88%
Jutland central Viborg
38%
Hovedstaden Hillerød
25%
Seeland Sorø
25%
Danemark du Sud Vejle
25%
Aucun quiz correspondant
Distribution des résultats
% des personnes avec chaque résultat
Percentile par nombre de réponses
Votre historique - résultats
Vous n’avez pas pris ce quiz